eBusiness : (Record no. 5778)
[ view plain ]
| 000 -LEADER | |
|---|---|
| fixed length control field | 00677cam a22002172 4500 |
| 001 - CONTROL NUMBER | |
| control field | 0000002309 |
| 005 - DATE AND TIME OF LATEST TRANSACTION | |
| control field | 20151217151848.0 |
| 008 - FIXED-LENGTH DATA ELEMENTS--GENERAL INFORMATION | |
| fixed length control field | 070410s xx 000 0 eng d |
| 020 ## - INTERNATIONAL STANDARD BOOK NUMBER | |
| International Standard Book Number | 9814053201 : |
| Terms of availability | KES 1,800 |
| 040 ## - CATALOGING SOURCE | |
| Original cataloging agency | KABU |
| Transcribing agency | KABU |
| 050 #0 - LIBRARY OF CONGRESS CALL NUMBER | |
| Classification number | HF5548.32 |
| Item number | .K35 2000 |
| 100 1# - MAIN ENTRY--PERSONAL NAME | |
| Personal name | Kalakota, Ravi. |
| -- | 0000151639 |
| 245 10 - TITLE STATEMENT | |
| Title | eBusiness : |
| Remainder of title | roadmap for success / |
| Statement of responsibility, etc. | Ravi Kalakota and Marcia Robinson. |
| 260 ## - PUBLICATION, DISTRIBUTION, ETC. (IMPRINT) | |
| Place of publication, distribution, etc. | Reading, MA : |
| Name of publisher, distributor, etc. | Pearson Educ., |
| Date of publication, distribution, etc. | 2000. |
| 300 ## - PHYSICAL DESCRIPTION | |
| Extent | xix, 378p. |
| 650 #0 - SUBJECT ADDED ENTRY--TOPICAL TERM | |
| Topical term or geographic name as entry element | Electronic commerce. |
| -- | 0000148142 |
| 700 1# - ADDED ENTRY--PERSONAL NAME | |
| Personal name | Robinson, Marcia. |
| -- | 0000151640 |
| 908 ## - PUT COMMAND PARAMETER (RLIN) | |
| Put command parameter | 070410 |
| 950 ## - LOCAL HOLDINGS (RLIN) | |
| -- | 1 |
| Withdrawn status | Lost status | Source of classification or shelving scheme | Not for loan | Home library | Current library | Date acquired | Total Checkouts | Full call number | Barcode | Date last seen | Price effective from | Koha item type |
|---|---|---|---|---|---|---|---|---|---|---|---|---|
| Library of Congress Classification | Kabarak, Main Campus | Kabarak, Main Campus | 17/12/2015 | HF5548.32 .K35 2000 | 003634 | 02/08/2024 | 17/12/2015 | General Collection |